| 000 | 01305nam0a22002771 4500 | ||
|---|---|---|---|
| 001 | rc\4424147 | ||
| 005 | 20250611172050.0 | ||
| 035 | _a(NLR Aleph) 008307976 | ||
| 090 |
_a8678590 _c8678590 |
||
| 100 | _a20130416d1967 |||y0rusy50 ca | ||
| 101 | 0 | _arus | |
| 102 | _aRU | ||
| 105 | _aa z ||||| | ||
| 200 | 1 |
_aУстановка для испытания приборов на переменное давление _fОбъединение по руководству науч.-техн. информацией и пропагандой в РСФСР при Гос. ком. Совета Министров СССР по науке и технике. Гос. науч.-исслед. ин-т науч. и техн. информации ГОСИНТИ |
|
| 210 |
_aМосква _cБ. и. _d1967 |
||
| 215 |
_a5 с. _cчерт. _d14 |
||
| 225 | 1 |
_aПередовой научно-технический и производственный опыт _v№ 2-67-693/89 |
|
| 300 | _aПеред загл. авт.: Н.А. Зайцев., М.У. Толмазин, К.В. Петров | ||
| 700 | 1 |
_aЗайцев _bН.А. |
|
| 701 | 1 |
_aТолмазин _bМ.У. |
|
| 701 | 1 |
_aПетров _bК.В. |
|
| 801 | 0 |
_aRU _bNLR _gpsbo |
|
| 801 | 1 |
_aRU _bELAR _2rusmarc |
|
| 852 |
_aNLR _jП11/2295 |
||
| 942 | _cBOOK | ||
| 980 | _aNB | ||